[Event "EU-Cup 19th"]
[Site "Rethymno"]
[Date "2003.09.30"]
[Round "3.2"]
[White "Kacheishvili, Giorgi"]
[Black "Bologan, Viktor"]
[Result "0-1"]
[WhiteElo "2603"]
[BlackElo "2650"]
[Annotator "Avrukh,B"]
[PlyCount "82"]
[EventDate "2003.09.28"]
[EventType "team-swiss"]
[EventRounds "7"]
[EventCountry "GRE"]
[SourceTitle "CBM 098"]
[Source "ChessBase"]
[SourceDate "2004.02.03"]
[SourceVersion "1"]
[SourceVersionDate "2004.02.03"]
[SourceQuality "1"]
[WhiteTeam "Tbilisi"]
[BlackTeam "Kazan Ladya"]
[WhiteTeamCountry "GEO"]
[BlackTeamCountry "RUS"]

1. d4 Nf6 2. c4 g6 3. Nc3 Bg7 4. e4 d6 5. Nf3 O-O 6. h3 e5 7. d5 a5 8. Bg5 Na6
9. Nd2 c6 10. g4 Bd7 11. Be2 (11. Qf3 Nc5 12. Nb3 Na6 (12... Nxb3 13. axb3 h6
14. Be3 Nh7 $132 {[%cal Gf7f5]}) 13. Bd3 Nb4 14. Rd1 a4 15. Nc1 h6 16. Bh4 a3
17. b3 cxd5 18. Nxd5 Nbxd5 19. cxd5 Qa5+ 20. Kf1 Nh7 21. Ne2 Ng5 22. Qe3 Bf6
23. f3 $13 {0-1 Hansen,C-Wahls,M/Hamburg 1991/CBM 24 (39)}) (11. a3 h6 12. Be3
h5 13. Be2 (13. g5 $142 Nh7 14. Rg1 f5 15. gxf6 Qxf6 16. Nb3 $1 $14 {[%csl Ga5]
}) 13... hxg4 14. hxg4 Nh7 $13 {[%csl Gf4,Gg5] 1-0 Almeida,O-Garcia Martinez,S/
Varadero 2000/CBM 76 ext (39)}) 11... Nc5 12. h4 $2 {A very risky decision,
that turns out to be a critical mistake.White starts his kingside attack,
completely understimating black's counterchances.} (12. Be3 $142) 12... Qb6 $1
{[%csl Gb2][%cal Gd7g4] Probably white missed this reply and suddenly he gets
into serious trouble.Right now black is treatening both : to take on g4 with
knight or bishop, while white cannot take there ,due to check on d3 , and
simply to take on b2.White has to give up something.} 13. Rh3 (13. Rb1 $2 Bxg4
$1 (13... Nxg4 $143 14. Bxg4 Nd3+ 15. Ke2 Nxf2 16. Bxd7 Nxd1 17. Rhxd1 $15) 14.
Bxg4 Nd3+ 15. Ke2 Nxg4 $19) 13... h5 $1 $17 {[%csl Gd7,Gh3] using an
unfortunate position of white's rook} (13... Qxb2 $2 14. Rb1 Qa3 15. Re3 $1 $16
{[%csl Ra3]}) 14. Bxf6 Bxf6 15. Rb1 (15. Nb3 Kg7 16. dxc6 bxc6 17. Qxd6 Nxb3
18. axb3 Bxg4 $1 $17) 15... Kg7 $1 {Now black has a clear target in white's
camp-h4-pawn.} 16. Rh2 (16. Nf1 Rh8 17. Ne3 hxg4 18. Bxg4 Rxh4 $17) 16... hxg4
17. Bxg4 Bxg4 18. Qxg4 Rh8 {[%csl Gh4]} (18... Nd3+ $5 19. Ke2 Nf4+ 20. Kd1 Rh8
$17) 19. Kd1 {[%cal Gd1c2] White hurries to escape with his king to queenside,
but unfortunately for white his king will be vulnerable even there.} ({To
remain in the center is not much fun either} 19. Ke2 Rh5 {[%cal Ga8h8]} 20. Nf1
{[%cal Gf1e3]} (20. b3 Rah8 21. Nf3 (21. Rbh1 a4 $1) 21... Qb4 22. Rc1 a4 $17)
20... Qb4 $1 {[%csl Gc4]} 21. Ne3 Rah8 22. Nf5+ Rxf5 $1 23. exf5 e4 $17 {
[%csl Ge2] with decisive attack}) 19... Nd3 20. Kc2 (20. Qg3 Nf4) 20... Nb4+
21. Kc1 cxd5 $1 {Opening up the c-file is higly effective.} (21... Rh5 22. a3
Nd3+ 23. Kc2 Nf4 24. Rbh1 Rah8 $17) 22. exd5 (22. Nxd5 $142 Nxd5 $1 (22...
Nxa2+ 23. Kd1 $44 {[%csl Gd5]}) 23. exd5 Rac8 $1 {[%csl Gc1]} (23... Qd4 24.
Qxd4 exd4 25. Kc2 Rxh4 26. Rxh4 Bxh4 27. Ne4 Be7 28. Kd3 Rh8 29. b4) 24. Kc2
Qc5 $17 {[%cal Gc5d5,Gb7b5]}) 22... Qd4 $1 {A very concrete decision,swaping
the queens black gets a decisive advantage.} 23. Qxd4 (23. Nce4 Rac8 $1 24.
Nxf6 $140 Rxc4+ $3 25. Nxc4 Qd3 $19 {[%csl Gc1][%cal Gd3c2]}) 23... exd4 24.
Nce4 Be5 25. Rh3 Nxa2+ $19 26. Kc2 a4 (26... Nb4+ 27. Kb3 b5 28. cxb5 Nxd5 {
was not bad either}) 27. b4 $1 (27. Nf3 Nb4+ 28. Kd2 b5 $1) 27... d3+ $5 {
This pawn sacrifice requres a precise calculation.} (27... f5 $142 28. Ng5 Nc3
{[%cal Gb7b5] would led to a very easy win}) 28. Rxd3 (28. Kxd3 a3 29. Kc2 (29.
c5 Nxb4+ 30. Rxb4 a2 31. Nb3 Ra3 $1 32. Rh1 Rxh4 $1 $19) 29... b5 $1 30. Kb3
Nxb4 31. Kxb4 a2 $19) 28... a3 29. f4 (29. Rh3 b5 $1) 29... Nxb4+ $1 (29...
Bxf4 $2 30. Kb3 $1 {[%csl Ra2]} Nxb4 31. Kxb4 a2 32. Ra1 Be5 33. Nc3 $1 Rxh4
34. Nf3 $13) 30. Rxb4 a2 31. Nb3 $8 Bxf4 32. c5 (32. Rxb7 Rxh4 $19) (32. Na1
Be5 33. Rd1 Rxh4 34. Nd2 Rh3 35. Rb3 Ra3 36. Rxa3 Rxa3 37. Ndb3 g5 {should be
easily winnig for black,as g and f-pawns will decide the game.}) 32... dxc5 33.
Nexc5 Bd6 34. Rc3 (34. Rb5 Rxh4 $19 {[%cal Gh4c4]}) 34... b5 $1 (34... Ra5 $5 {
fritz}) 35. Na1 (35. Rxb5 Rxh4) 35... Be5 36. Nd3 Bxc3 37. Kxc3 g5 $1 38. Rg4 (
38. hxg5 Rh1 39. Kb2 Rb1+ {wins}) 38... Rxh4 {Black's rook enters the game
decisively.} 39. Rxg5+ Kf6 40. Rg1 (40. Rg3 Rh1) 40... Ra3+ 41. Nb3 Rh3 $1 0-1

[Event "EU-ch 12th"]
[Site "Aix les Bains"]
[Date "2011.03.30"]
[Round "8"]
[White "Riazantsev, Alexander"]
[Black "Mamedov, Nidjat"]
[Result "1-0"]
[WhiteElo "2679"]
[BlackElo "2583"]
[Annotator "Marchand,A/Primel,D"]
[PlyCount "45"]
[EventDate "2011.03.22"]
[EventType "swiss"]
[EventRounds "11"]
[EventCountry "FRA"]
[SourceTitle "CBM 142 Extra"]
[Source "ChessBase"]
[SourceDate "2011.06.27"]
[SourceVersion "1"]
[SourceVersionDate "2011.06.27"]
[SourceQuality "1"]
[TimeControl "40/5400+30:1800+30"]

1. d4 Nf6 2. c4 g6 3. Nc3 Bg7 4. e4 d6 5. Nf3 O-O 6. h3 e5 7. d5 a5 8. g4 $5 (
8. Bg5 {La grande ligne}) 8... Na6 9. Be3 h5 $5 (9... Nd7 {Riazantsev,A (2617)
-Inarkiev,E (2675) RUS-ch Higher League 61st 2008 (10) 0-1}) 10. Be2 (10. g5
Nh7 11. Rg1 $13 {Comas Fabrego,L (2430)-Damljanovic,B (2585) Aviles op 1992 1/2
}) (10. Ng5 $5 {Une nouveauté trés intéressante pour économiser le coup Be2
car l'acceptation du sacrifice est trés risquée.} hxg4 (10... Nc5 11. Be2 h4
12. Qc2 Nfd7 13. O-O-O Bh6 14. Qd2 a4 $13) 11. hxg4 Nxg4 (11... Bxg4 12. Be2
Bxe2 (12... Qd7 13. Rh4) 13. Qxe2 Nc5 14. O-O-O a4 15. Bxc5 (15. f4 {[%cal
Ge2h2]}) 15... dxc5 16. Nb5 Nxd5 17. f4 $40 {[%cal Ge2h2]} (17. Nh7 Nf4)) 12.
Nh7 Nxe3 13. fxe3 Re8 14. Qf3 Nc5 15. O-O-O c6 16. Bh3 $1 Qe7 (16... Qb6) 17.
Bxc8 (17. Rdf1 Kxh7 (17... Bxh3 18. Rxh3 a4 19. Ng5 a3 20. b4 (20. b3 Nxb3+ $1
21. axb3 a2 22. Nxa2 Rxa2 23. Qxf7+ Qxf7 24. Rxf7)) 18. Bxc8+ Kg8 19. Bg4)
17... Raxc8 18. Kb1 a4 19. Rdf1 a3 20. b3 Nd7 21. Ng5 Nf6 (21... Qxg5 22. Qxf7#
)) 10... hxg4 11. Ng5 $5 gxh3 12. Nxh3 {Les Blancs ont réussi а ouvrir la
colonne "h" mais au risque d'être en retard de développement.} Nh7 $1 {[%cal
Gf7f5]} 13. Qd2 f5 14. exf5 Bxf5 15. O-O-O Qd7 $1 $146 {[%csl Rh3]} ({RR} 15...
Nc5 16. Ng5 Nxg5 17. Bxg5 Qd7 18. Rh4 Kf7 19. Rg1 Rh8 20. Rhg4 a4 21. R4g3 Rh2
22. Be3 Rh4 23. Qd1 e4 24. a3 Nd3+ 25. Kb1 Be5 26. Ka2 Qe8 27. R3g2 Qh8 28. Qd2
Nf4 29. Bxf4 Bxf4 30. Qd1 {Perunovic,M (2459)-Strikovic,A (2573)/Valjevo 2011/
0-1 (40)}) 16. Rh2 Rf7 $6 {[%cal Gf7h7] Trop lent} (16... a4 $1 17. Rdh1 a3 $36
18. b3 Nb4 {[%csl Gb4]} 19. Ng5 Nxg5 20. Bxg5 e4 {[%csl Gg7][%cal Gg7c3,Gb4d3]}
21. Nd1 (21. Bh6 Bxc3) 21... Nd3+ 22. Bxd3 exd3 23. Bh6 $13 {[%cal Gd7g7,Gg7b2,
Gg7a1]}) 17. Rdh1 Nb4 (17... a4) 18. Ng5 Nxg5 19. Bxg5 e4 $1 {[%csl Gg7][%cal
Gg7c3,Gb4a2]} 20. Qf4 Rff8 21. Rh7 Kf7 $4 {Zeitnot?} (21... Nd3+ 22. Bxd3 exd3
23. Qh4) (21... Rae8) (21... a4) 22. a3 Ke8 23. Qe3 1-0

[Event "RUS-ch Higher League 65th"]
[Site "Tyumen"]
[Date "2012.06.20"]
[Round "5"]
[White "Timofeev, Artyom"]
[Black "Andreikin, Dmitry"]
[Result "0-1"]
[WhiteElo "2641"]
[BlackElo "2700"]
[Annotator "Andreikin,D"]
[PlyCount "70"]
[EventDate "2012.06.16"]
[EventType "swiss"]
[EventRounds "11"]
[EventCountry "RUS"]
[SourceTitle "CBM 149"]
[Source "ChessBase"]
[SourceDate "2012.07.17"]
[SourceVersion "1"]
[SourceVersionDate "2012.07.17"]
[SourceQuality "1"]

1. d4 Nf6 2. c4 g6 {At this moment, I had 2,5 out of 4. There was nowhere to
hide, and I decided to incite a complicated battle in a King's Indian. Usually,
I prefer the Nimzoindian.} 3. Nc3 Bg7 4. e4 d6 5. Nf3 O-O 6. h3 $5 {Quite a
popular move. White does not determine the position of his bishops, and gives
Black the right to choose his set-up. Experts on this variation include GM
Igor Lysyj and GM Alexander Riazantsev. I have also played a few games on the
white side, so the move was not a great surprise for me.} e5 {Black does not
need to hurry with this move. There are also other possibilities:} (6... c5 $5
7. d5 e6 8. Bd3 exd5 9. cxd5 {transposing to a Benoni.}) (6... Na6 $5 {and
depending on what White does, Black will advance the c- or e-pawns.}) 7. d5 {
A fighting move.} ({If White wants to obtain a quiet position, he can play} 7.
dxe5 dxe5 8. Qxd8 Rxd8 9. Bg5 Re8 10. Nd5 Nxd5 11. cxd5 c6 12. Bc4 cxd5 13.
Bxd5 Nd7 14. O-O Nb6 15. Bb3 Be6 $11) 7... Nh5 {A typical King's Indian move.
Black wants to exploit the fact that the white king is still in the centre.} 8.
g3 $6 {Played after long thought, of course this is not the most principled
move. Artom admitted after the game that he had not expected this opening and
could not remember the main variation here:} (8. Nh2 Qe8 9. Be2 Nf4 10. Bf3 f5
11. g3 Nxh3 12. Bg2 fxe4 13. Nxe4 Bf5 14. Ng4 h5 15. Nef6+ Bxf6 16. Nh6+ Kg7
17. Nxf5+ gxf5 18. Bxh3 Qg6 $132) 8... f5 9. exf5 gxf5 10. Bg2 Na6 $5 {Black
has easily managed to establish a pawn centre. The only weakness in his
position is the square e6, where the white knight might head, so he must play
accurately.} 11. O-O Nf6 {I don't think the knight does anything on h5 and,
moreover, it can come under attack from the white queen. If Black exchanges
all the knights in this position, then he solves all his opening problems, and
can even count on an advantage, on account of his strong pawn centre.} 12. Rb1
$6 {After this move, Black carries out his plan without hindrance. Black could
have hindered the knight transfer a6-c5-e4:} (12. Be3 $5 {and now Black can
advance the e-pawn, but at the same time, he gives White new squares for his
pieces:} e4 $5 13. Nd4 Nc5 14. Nce2 Nd3 15. Nf4 Nxf4 16. Bxf4 $14) 12... Nc5
$11 13. b4 {White carries out his plan, but this pawn advance gives nothing.
The black knight has left the edge of the board and is ready to exchange.} Nce4
14. Nxe4 Nxe4 15. Qc2 (15. Rb3 a5 16. Ra3 Bd7 17. bxa5 Nc5 $44) 15... f4 $1 $40
{An energetic, attacking move! At first, I considered a different possibility:}
(15... a5 $5 16. Nh4 $1 axb4 17. Nxf5 Bxf5 (17... Nc3 $6 18. Nxg7 Nxb1 19. Ne6
Bxe6 20. dxe6 Nc3 21. a3 $1 c5 22. axb4 cxb4 23. Bh6 Re8 24. Qf5 Qe7 25. Bd5
$40) 18. Bxe4 Bxe4 (18... Rxa2 $6 19. Qxa2 Bxe4 20. Rxb4 Qf6 21. Rb3 b5 22. Re3
Bf3 23. cxb5 Qf7 24. Rxf3 Qxf3 25. Be3 $16) 19. Qxe4 Rxa2 20. Rxb4 b6 $11 {
It seemed to me that the position is equal, but only White can play for a win.}
) 16. Re1 {Moving the other rook changes nothing:} (16. Rb3 Ng5 $40) 16... Ng5
$8 (16... Nxg3 $2 17. fxg3 Bf5 18. Qb3 Bxb1 19. Qxb1 fxg3 20. Ng5 $18) 17. Nxg5
Qxg5 18. Rb3 $1 {White includes his other rook, with the help of this "lift".
I think in this position, Black already has slight pressure, but with correct
play, White retains dynamic equality.} Bd7 $5 {A cunning move. I did not see
what the bishop did on f5, and decided foirst of all to bring my heavy pieces
into the game. In addition, this move wins a tempo by the threat of ...Ba4.} (
18... Bf5 19. Qe2 Rf6 20. gxf4 exf4 21. Qe7 $36) 19. Ra3 {A natural move. The
rook avoids the threat and ties the enemy rook to defence of the a7-pawn.} Rf6
{The beginning of the attack! At this moment, I decided that I was ready to
give up all the queenside pawns, in order to bring the pieces over to attack
the enemy king. If I had preferred a peaceful outcome to the game, then I
would have chosen the variation} (19... Qh5 20. Qe2 Qxe2 21. Rxe2 Rf7 $11) 20.
c5 $1 {Of course, White is not prepared just to stand there and wait to be
mated.} Raf8 $1 {With his last move, Black burnt his bridges, and now attack
is the only way.} 21. cxd6 $6 {After this move, White's threats weaken
noticeably. He could have tried to exploit the far-advanced c-pawn:} (21. c6 $5
bxc6 22. dxc6 Bf5 23. Qd1 a6 $1 24. Rxa6 Qg6 25. g4 f3 26. Qxf3 Be6 27. Qe4
Qxe4 28. Bxe4 d5 29. Bg2 Rxf2 30. Ra7 e4 $44) (21. Rxa7 $5 Qh5 22. Qd1 f3 23.
Kh2 $1 Bc8 24. Bf1 Bh6 $44) 21... cxd6 22. Qc7 $2 {The queen abandons the
defence of her king, and at the same time, does not really cause Black any
real problem. With correct defence, the game could still have ended in a
beautiful draw:} (22. Rxa7 $5 Qh5 23. Qd1 Qg6 24. Be4 fxg3 $1 25. Bxg6 gxf2+
26. Kh2 Rxg6 $3 27. Rf1 e4 $1 28. Qe2 Be5+ 29. Kh1 Bd4 $1 30. Be3 Bb5 $1 31.
Qxb5 Bxe3 32. Rxf2 $8 Rxf2 33. Rxb7 $8 Rf3 34. Qe8+ Rf8 35. Qb5 Rf3 $11) 22...
Bc8 {With this simple move, Black solves all his problems.} 23. Rxa7 $2 {
The losing move. White's heavy pieces abandon their king, and the punishment
is not long in coming. It may be that it was still not too late to return the
queen to the defence:} (23. Qc2 $5 Rh6 24. g4 Rg6 25. f3 $15) 23... Qh5 $1 {
Suddenly, White cannot withstand all the opponent's threats.} 24. g4 (24. h4
Qg4 $40 25. Qc3 (25. Ra3 f3 26. Bf1 Qxg3+ $3 $19) 25... Rg6 $17) 24... Qh4 (
24... Bxg4 $4 25. hxg4 Qxg4 26. f3 Qg3 27. Kf1 Rg6 28. Qc2 $16) 25. Ra8 $2 $138
(25. Re4 h5 26. f3 hxg4 27. hxg4 Bxg4 28. fxg4 f3 29. Rxb7 Rg6 $1 30. Rb8 fxg2
31. Rxf8+ Bxf8 32. Kxg2 Rg7 $3 33. Qc8 Rh7 34. Qe6+ Kh8 $19) (25. Ra3 f3 26.
Rxf3 Rxf3 27. Bxf3 Qf6 $1 28. Re3 e4 29. Bd2 exf3 30. Bc3 Qh6 31. Qxg7+ (31.
Bxg7 Qxh3 $19) 31... Qxg7 32. Bxg7 Kxg7 $17) 25... Bxg4 $1 $19 {Black wins
even more beautifully in the variation} (25... f3 $1 26. Bf1 Qg3+ $3 $19) 26.
Rxf8+ Bxf8 27. Qc3 {The queen runs back to defend, but it is already too late.}
(27. hxg4 f3 {An interesting picture: only two black pieces are participating
in the attack, but the white king cannot escape the mating net.} 28. Bxf3 Rxf3
29. Be3 Qxg4+ 30. Kf1 Rh3 $19) 27... Rg6 $1 28. Kf1 f3 $2 $138 {My move also
wins, but I could have ended the game more quickly and more attractively:} (
28... Bh5 $1 29. Qd3 (29. Re4 Rxg2 $19) 29... f3 30. Bxf3 Qxh3+ 31. Ke2 Rg3 $3
32. fxg3 Qg2+ 33. Kd1 Bxf3+ 34. Re2 Qf1+ 35. Kd2 Bh6+ $19) 29. hxg4 fxg2+ 30.
Kxg2 Qxg4+ 31. Kf1 h5 $1 {The white pieces are very badly placed, and the
black h-pawn easily decides the outcome of the game.} 32. Qd3 Qg2+ 33. Ke2 e4
$1 34. Qc2 h4 35. Kd1 (35. Be3 h3 36. Kd2 h2 37. Qd1 Qg1 $19) 35... h3 0-1